| 000 | 01192nam a2200313 i 4500 | ||
|---|---|---|---|
| 001 | bg | ||
| 100 | 1 | _aJASKÓLSKI, Jerzy | |
| 245 | 1 | 0 |
_aStacjonarny przepływ ciepła w tłoku silnika spalinowego / _cJerzy Jaskólski, Grzegorz Budzik. |
| 260 |
_aKraków : _bPK, _c2003. |
||
| 300 |
_a86 s. : _bil. ; _c24 cm. |
||
| 490 | 1 | _aMonografia / Politechnika Krakowska im. Tadeusza Kościuszki. Mechanika | |
| 500 | _aISSN i nr serii gł.: 0860-097X ; 290. - Streszcz. ang., fr. | ||
| 504 | _aBibliogr. | ||
| 650 | 9 |
_aAnaliza numeryczna _xstosowanie _xtechnika |
|
| 650 | 9 | _aDiagnostyka techniczna | |
| 650 | 9 |
_aNaprężenia i odkształcenia _xbadanie |
|
| 650 | 9 |
_aPrzewodnictwo cieplne _xbadanie |
|
| 650 | 9 |
_aSilniki spalinowe _xbudowa i konstrukcje _xbadanie |
|
| 650 | 9 |
_aSilniki spalinowe _xobsługa i eksploatacja _xbadanie |
|
| 650 | 9 |
_aTłoki _xbadanie |
|
| 650 | 9 |
_aWytrzymałość materiałów _xbadanie |
|
| 700 | 1 | _aBUDZIK, Grzegorz | |
| 830 | 0 | _aMonografia (Politechnika Krakowska im. Tadeusza Kościuszki. Mechanika) | |
| 040 | _cBPK | ||
| 041 | 0 |
_apol _bengfre |
|
| 080 | _a621.43-192:536:620.17:519.61/.64 | ||
| 942 | _cKS | ||
| 008 | s pl f |000 0 pol | ||
| 999 |
_c44385 _d44385 |
||
| 856 |
_uhttp://koha.tu.koszalin.pl/cgi-bin/koha/opac-detail.pl?biblionumber=44385 _yKatalog online BPK |
||